00473 2200181 4500001002100000005001500021008004100036020001800077035001900095041000700114082000800121090001400129100003300143245003800176260004000214300001800254650001900272INLIS00000000001436120241224114729241224||||||||| | ||| |||| || |  a979-96610-7-2 0010-1224014361 aen0 a428 a428 THE g0 aTheresia Widi Kristianingrum00aGLOSSARY OF BRITISH-AMERIKA Usage aYogyakartabpustaka widyatamac2004 a91hlm;11x18cm 0abahasa inggris